00374nam a2200121Ia 4500008004100000040001600041041001200057082001900069100002100088245008900109260004000198300001400238230917s9999||||xx |||||||||||||| ||und|| e54854aMAIN aEnglish a823.09 J559S:R aSohi, Harinder K 0aRuth Jhabvala's heat and dust: an exploration in the semiotics of social predicament aNew DelhibBahri Publicationsc1986 avi, 56 p.